|
|
|
|
| LEADER |
00000cam a2200000 7i4500 |
| 001 |
0000001288 |
| 005 |
20140405.0 |
| 090 |
0 |
0 |
|a JPSM634.930212
|b MAL 1982
|
| 110 |
1 |
0 |
|a MALAYSIA
|c Ibu Pejabat Perhutanan Semenanjung Malaysia
|
| 245 |
1 |
0 |
|a Spesifikasi jalan-jalan hutan untuk Semenanjung Malaysia
|
| 260 |
0 |
0 |
|a Kuala Lumpur :
|b Ibu Pejabat Perhutanan Semenanjung Malaysia ,
|c 1982
|
| 300 |
|
|
|a 34 p. :
|b ill. ;
|c 30 cm.
|
| 650 |
0 |
0 |
|a Forest roads
|x Specifications
|z Peninsular Malaysia
|
| 998 |
|
|
|a JPSM
|
| 999 |
|
|
|a 0000002239
|b Monograph
|c Open Shelf
|e Default branch
|
| 999 |
|
|
|a 0000002673
|b Monograph
|c Open Shelf
|e Default branch
|